Venujeme zahraničnému obchodu dostatočnú pozornosť?

Reštrukturalizácia slovenskej ekonomiky. Zahraničnoobchodná výmena SR. Colná politika SR. Ochrana vnútorného trhu. Ochrana spotrebiteľa. Obmedzovanie dovozu komodít, ktoré nie sú pre výrobcu ani spotrebiteľa nevyhnutné. Podpora dovozu modernej technológie. Podpora exportu.

Gespeichert in:
Bibliographische Detailangaben
1. Verfasser: Smreková, Marta
Format: Buchkapitel
Sprache:Slowakisch
Schlagworte:
Tags: Tag hinzufügen
Keine Tags, Fügen Sie das erste Tag hinzu!

MARC

LEADER 00000naa a2200000 4500
001 r021906
005 20221205102204.3
041 0 |a slo 
044 |a SK 
245 1 0 |a Venujeme zahraničnému obchodu dostatočnú pozornosť?  |c Marta Smreková 
520 |a Reštrukturalizácia slovenskej ekonomiky. Zahraničnoobchodná výmena SR. Colná politika SR. Ochrana vnútorného trhu. Ochrana spotrebiteľa. Obmedzovanie dovozu komodít, ktoré nie sú pre výrobcu ani spotrebiteľa nevyhnutné. Podpora dovozu modernej technológie. Podpora exportu. 
610 2 0 |a obchod zahraničný 
610 2 0 |a trh vnútorný 
610 2 0 |a Slovensko 
610 2 0 |a dovoz 
610 2 0 |a vývoz 
610 2 0 |a komodity 
610 2 0 |a liberalizácia 
610 2 0 |a licencie 
610 2 0 |a clá 
610 2 0 |a konkurencieschopnosť 
610 2 0 |a politika colná 
100 1 |a Smreková, Marta